[Event "Escaldes zt"]
[Site "Escaldes"]
[Date "1998.11.14"]
[Round "9"]
[White "Wells, Peter K"]
[Black "Gallego, Ruben"]
[Result "1/2-1/2"]
[WhiteElo "2515"]
[BlackElo "2305"]
[PlyCount "85"]
[EventDate "1998.11.06"]
[EventType "swiss"]
[EventRounds "9"]
[EventCountry "AND"]
[SourceTitle "CBM 068"]
[Source "ChessBase"]
[SourceDate "1999.02.01"]
[SourceVersion "1"]
[SourceVersionDate "1999.02.01"]
[SourceQuality "1"]

1. d4 Nf6 2. c4 g6 3. Nc3 Bg7 4. e4 d6 5. Nf3 0-0 6. Be2 e5 7. 0-0 Nc6 8. d5 Ne7 9. Ne1 Nd7 10. Be3 f5 11. f3 f4 12. Bf2 g5 13. a4 h5 14. a5 Rf7 15. c5 Nxc5 16. Bxc5 dxc5 17. Bc4 Ng6 18. a6 b6 19. Nb5 Bd7 20. d6 c6 21. Nc7 Rc8 22. Bxf7+ Kxf7 23. Qb3+ Kf6 24. Rd1 Qg8 25. Qc3 Nh8 26. Nc2 Nf7 27. b4 cxb4 28. Nxb4 Nd8 29. Rd2 Kg6 30. Rfd1 Qf7 31. Nd3 Kh6 32. Rb1 Ne6 33. Nxe6 Qxe6 34. Nb4 Bf6 35. Rc1 Rg8 36. Qc4 Qxc4 37. Rxc4 c5 38. Nd5 Bd8 39. Nc7 g4 40. fxg4 hxg4 41. Rc3 Rg6 42. Rb3 Ba4 43. Rc3 1/2-1/2

[Event "Escaldes zt"]
[Site "Escaldes"]
[Date "1998.11.11"]
[Round "6"]
[White "Gallego, Ruben"]
[Black "Garcia Paolicchi, Raul"]
[Result "1/2-1/2"]
[WhiteElo "2305"]
[BlackElo "2340"]
[PlyCount "63"]
[EventDate "1998.11.06"]
[EventType "swiss"]
[EventRounds "9"]
[EventCountry "AND"]
[SourceTitle "CBM 068"]
[Source "ChessBase"]
[SourceDate "1999.02.01"]
[SourceVersion "1"]
[SourceVersionDate "1999.02.01"]
[SourceQuality "1"]

1. d4 Nf6 2. c4 g6 3. Nc3 Bg7 4. e4 d6 5. Nf3 0-0 6. Be2 e5 7. dxe5 dxe5 8. Qxd8 Rxd8 9. Bg5 Re8 10. Nd5 Nxd5 11. cxd5 c6 12. Bc4 cxd5 13. Bxd5 Nc6 14. Bxc6 bxc6 15. 0-0 Be6 16. Rfc1 Rec8 17. Be7 f6 18. Rc2 Kf7 19. Bd6 Bf8 20. Bxf8 Kxf8 21. Nd2 Ke7 22. b3 Rd8 23. f3 Rd6 24. Rac1 Kd7 25. Nc4 Bxc4 26. Rxc4 Kc7 27. R1c2 Rad8 28. Kf2 Rd2+ 29. Ke1 Rd1+ 30. Ke2 R8d6 31. Rc5 Kb6 32. b4 1/2-1/2